00978nam a2200253 a 450000100100000000500170001000800410002702000160006804100090008408200210009310000230011424500780013725000120021526000890022730000180031650000860033450000390042065000220045965000250048165000300050670000480053699900150058495201250059900005441520200120222839.0130129s1988 ck a gr 000 0 spa d a958060410X.0 a/spa04a133.52bC87g2211 aCurcio, Michèle.10aGallo /cMichèle Curcio ; traducción al español: Germán Espinosa. a1a. ed. aBogotá :bEditorial Oveja Negra ; Madrid : Editorial La Montaña Mágica,c1988. a159 p. :bil. aEj.1 de Biblioteca Mosquera corresponde a la colección de la Casa de la Cultura aTítulo original frances : Le coq17aZodíaco.2LEMB.27aAstrología.2LEMB.27aAstrología china2LEMB.1 aEspinosa, Germán,d1938-2007,etraductor. c4000d4000 00102ddc40708GENaBPMOSbBPMOSd2020-01-20l0o133.52 C87gpMOS003380r2020-01-20tej.1w2020-01-20yBKzOcho días